Marketing research (Record no. 152976)
[ view plain ]
| 000 -LEADER | |
|---|---|
| fixed length control field | 00712nam a22002297a 4500 |
| 003 - CONTROL NUMBER IDENTIFIER | |
| control field | dpl |
| 005 - DATE AND TIME OF LATEST TRANSACTION | |
| control field | 20180622141308.0 |
| 008 - FIXED-LENGTH DATA ELEMENTS--GENERAL INFORMATION | |
| fixed length control field | 180622b xxu||||| |||| 00| 0 eng d |
| 020 ## - INTERNATIONAL STANDARD BOOK NUMBER | |
| International Standard Book Number | 1403925011 |
| Terms of availability | 265.00 |
| 035 ## - SYSTEM CONTROL NUMBER | |
| System control number | B-182360 |
| 037 ## - SOURCE OF ACQUISITION | |
| Source of stock number/acquisition | BPPD-PUB |
| 040 ## - CATALOGING SOURCE | |
| Transcribing agency | 0 |
| 082 14 - DEWEY DECIMAL CLASSIFICATION NUMBER | |
| Classification number | 658.83 |
| 100 ## - MAIN ENTRY--PERSONAL NAME | |
| Personal name | Shajahan, S. |
| 245 1# - TITLE STATEMENT | |
| Title | Marketing research |
| Statement of responsibility, etc | by S.L. Gupta;assisted by Seema Gupta (and) Utkarsh Gupta |
| Remainder of title | Concepts and Practices in India |
| 260 ## - PUBLICATION, DISTRIBUTION, ETC. (IMPRINT) | |
| Place of publication, distribution, etc | New Delhi |
| Name of publisher, distributor, etc | Macmillan India Ltd. |
| Date of publication, distribution, etc | 2005 |
| 270 ## - ADDRESS | |
| Address | 2/10, Ansari Road, Daryaganj, |
| City | New Delhi |
| State or province | Delhi |
| Postal code | 110002 |
| 300 ## - PHYSICAL DESCRIPTION | |
| Extent | xii, 400 p |
| Dimensions | 24 cm (pbk) |
| 500 ## - GENERAL NOTE | |
| General note | include index |
| 700 ## - ADDED ENTRY--PERSONAL NAME | |
| Personal name | Gupta, Seema |
| 942 ## - ADDED ENTRY ELEMENTS (KOHA) | |
| Institution code [OBSOLETE] | dpl |
| Koha item type | English Books |
| Call number prefix | 658.83072 SHA |
| Source of classification or shelving scheme | Dewey Decimal Classification |
No items available.
